[Event "Stay Safe Play From Home 297"]
[Site "Emanuel Lasker Arena"]
[Date "2020.07.12"]
[Round "1"]
[White "Tvtower68"]
[Black "Mepe_Nika"]
[Result "0-1"]
[WhiteElo "1816"]
[BlackElo "2434"]
[Annotator "NA RC"]
[PlyCount "68"]
[EventDate "2020.07.12"]
[EventType "swiss (blitz)"]

1. e4 {[%emt 0:00:02]} e5 {[%emt 0:00:05]} 2. c3 {[%emt 0:00:01]} Nf6 {[%emt 0:00:03]} 3. Qc2 {[%emt 0:00:03]} d5 {[%emt 0:00:03]} 4. d3 {[%emt 0:00:07]} Bd6 {[%emt 0:00:04]} 5. Nf3 {[%emt 0:00:04]} O-O {[%emt 0:00:01]} 6. Bg5 {[%emt 0:00:02]} c6 {[%emt 0:00:04]} 7. Nbd2 {[%emt 0:00:06]} a5 {[%emt 0:00:01]} 8. Be2 {[%emt 0:00:07]} Nbd7 {[%emt 0:00:02]} 9. O-O {[%emt 0:00:01]} h6 {[%emt 0:00:00]} 10. Bh4 {[%emt 0:00:01]} b6 {[%emt 0:00:02]} 11. h3 {[%emt 0:00:02]} Ba6 {[%emt 0:00:01]} 12. b3 {[%emt 0:00:03]} Qc7 {[%emt 0:00:01]} 13. c4 {[%emt 0:00:03]} Rac8 {[%emt 0:00:05]} 14. Rfe1 {[%emt 0:00:07]} Nc5 {[%emt 0:00:06]} 15. Bf1 {[%emt 0:00:11]} Nh7 {[%emt 0:00:03]} 16. a3 {[%emt 0:00:07]} Ne6 {[%emt 0:00:02]} 17. cxd5 {[%emt 0:00:10]} cxd5 {[%emt 0:00:00]} 18. Qxc7 {[%emt 0:00:02]} Rxc7 {[%emt 0:00:00]} 19. exd5 {[%emt 0:00:02]} Nf4 {[%emt 0:00:01]} 20. d4 {[%emt 0:00:12]} Bxf1 {[%emt 0:00:03]} 21. Nxf1 {[%emt 0:00:09]} exd4 {[%emt 0:00:03]} 22. Nxd4 {[%emt 0:00:03]} Bc5 {[%emt 0:00:23]} 23. Nb5 {[%emt 0:00:06]} Rd7 {[%emt 0:00:00]} 24. Ne3 {[%emt 0:00:05]} Nxd5 {[%emt 0:00:07]} 25. Nxd5 {[%emt 0:00:06]} Rxd5 {[%emt 0:00:01]} 26. a4 {[%emt 0:00:06]} Rd3 {[%emt 0:00:03]} 27. Rab1 {[%emt 0:00:06]} g5 {[%emt 0:00:01]} 28. Re5 {[%emt 0:00:57]} gxh4 {[%emt 0:00:04]} 29. Rh5 {[%emt 0:00:01]} Rd2 {[%emt 0:00:03]} 30. Rf5 {[%emt 0:00:13]} Re8 {[%emt 0:00:03]} 31. Nc3 {[%emt 0:00:03]} Rc2 {[%emt 0:00:02]} 32. Rf3 {[%emt 0:00:08]} Bxf2+ {[%emt 0:00:04]} 33. Kh1 {[%emt 0:00:08]} Ng5 {[%emt 0:00:02]} 34. Rf4 {[%emt 0:00:06] Tvtower68 resigns (Lag: Av=0.46s, max=1.1s)} Bg3 {[%emt 0:00:04]} 0-1

[Event "Stay Safe Play From Home 297"]
[Site "Emanuel Lasker Arena"]
[Date "2020.07.14"]
[Round "1"]
[White "Buzaglo"]
[Black "AChessPlayer"]
[Result "0-1"]
[WhiteElo "1799"]
[BlackElo "2394"]
[Annotator "TA"]
[PlyCount "52"]
[EventDate "2020.07.14"]
[EventType "swiss (blitz)"]

{[%evp 9,51,29,53,40,51,33,52,13,7,-43,-46,-59,-41,-59,-43,-75,-65,-487,-487,-528,-533,-608,-598,-566,-500,-1743,-1545,-1736,-1722,-1696,-1458,-1685,-1685,-1665,-1282,-29990,-29991,-29995,-29995,-29997,-29998,-29998,-29999,-29999]} 1. d4 d6 2. Nf3 Nf6 3. g3 c6 4. Bg2 Nbd7 5. O-O Qc7 6. Nbd2 {A46: 1 d4 Nf6 2 Nf3 e6: Torre, London and Colle Systems.} e5 7. c4 Be7 {[#]} 8. dxe5 $146 {White is slightly better.} ({Predecessor:} 8. b3 O-O 9. Bb2 Re8 10. c5 exd4 11. cxd6 Bxd6 12. Nxd4 Nb6 13. Rc1 Qe7 14. Nc4 Nxc4 15. Rxc4 {0-1 (65) Trapp,M (2104)-Firlbeck,H (2070) Bayern 2009}) 8... dxe5 9. e4 O-O 10. Re1 Nc5 {[%cal Bd7c5,Bc5e6,Be6d4,Bd4e2][%mdl 32]} 11. Nb3 Ne6 ({Much weaker is} 11... Ncxe4 $6 12. Qc2 $14) 12. Be3 a5 13. Nc5 $2 {[%mdl 8192]} (13. Bd2 $15) 13... Bxc5 14. Bd2 Rd8 15. Qc1 Ng4 16. Rf1 Nd4 17. h3 (17. Nxd4 $142 exd4 18. h3) 17... Ne2+ $19 {[%mdl 64] Double Attack} 18. Kh1 Nxc1 19. hxg4 Ne2 20. Bc3 Bxg4 21. Bxe5 {[#]} Rd6 $1 {( -> ...Rh6+)} 22. Rad1 (22. Bxd6 Qxd6) 22... Rh6+ {Black mates.} 23. Nh2 Qxe5 24. Rd2 {[#]} Rxh2+ $1 25. Kxh2 Qh5+ 26. Bh3 Qxh3# {White got outplayed after the opening. Accuracy: White = 33%, Black = 93%.} 0-1

[Event "Stay Safe Play From Home 297"]
[Site "Emanuel Lasker Arena"]
[Date "2020.07.12"]
[Round "1"]
[White "Buzaglo"]
[Black "Justwatch"]
[Result "1-0"]
[WhiteElo "1762"]
[BlackElo "1450"]
[Annotator "NA RC"]
[PlyCount "37"]
[EventDate "2020.07.12"]
[EventType "swiss (blitz)"]

1. d4 {[%emt 0:00:03]} Nf6 {[%emt 0:00:01]} 2. Nf3 {[%emt 0:00:01]} d5 {[%emt 0:00:01]} 3. g3 {[%emt 0:00:01]} Bg4 {[%emt 0:00:00]} 4. Bg2 {[%emt 0:00:01]} Bxf3 {[%emt 0:00:00]} 5. Bxf3 {[%emt 0:00:01]} e6 {[%emt 0:00:00]} 6. O-O {[%emt 0:00:01]} Nbd7 {[%emt 0:00:00]} 7. Nd2 {[%emt 0:00:01]} Bb4 {[%emt 0:00:40]} 8. c4 {[%emt 0:00:04]} Bxd2 {[%emt 0:01:08]} 9. Bxd2 {[%emt 0:00:04]} dxc4 {[%emt 0:00:00]} 10. Bxb7 {[%emt 0:00:02]} Rb8 {[%emt 0:00:02]} 11. Bc6 {[%emt 0:00:02]} O-O {[%emt 0:00:02]} 12. Qc1 {[%emt 0:00:05]} Nb6 {[%emt 0:00:49]} 13. e3 {[%emt 0:00:08]} h6 {[%emt 0:00:13]} 14. a4 {[%emt 0:00:03]} Qd6 {[%emt 0:01:00]} 15. Bg2 {[%emt 0:00:05]} Nfd5 {[%emt 0:00:22]} 16. a5 {[%emt 0:00:06]} Nd7 {[%emt 0:00:01]} 17. e4 {[%emt 0:00:15]} N7f6 {[%emt 0:00:00]} 18. e5 {[%emt 0:00:08]} Qb6 {[%emt 0:00:26]} 19. exf6 {[%emt 0:00:04] Zaman (Lag: Av=0.62s, max=0.9s)} 1-0

[Event "Stay Safe Play From Home 297"]
[Site "Emanuel Lasker Arena"]
[Date "2020.07.12"]
[Round "1"]
[White "Tobo Rubirosa"]
[Black "Lazieri3"]
[Result "0-1"]
[WhiteElo "1544"]
[BlackElo "1997"]
[Annotator "TA"]
[PlyCount "104"]
[EventDate "2020.07.12"]
[EventType "swiss (blitz)"]

{[%evp 9,104,8,10,8,13,28,28,8,10,0,6,-79,-79,-80,-77,-85,-76,-66,-70,-75,-87,-95,-95,-93,-97,-137,-10,-8,0,-12,0,0,0,0,0,-103,-59,-66,-8,-7,-9,-104,-107,-98,-97,-120,-120,-121,-99,-98,-100,-118,-104,-150,-154,-237,-237,-270,-250,-211,-136,-171,0,-209,0,-159,-10,-10,0,-149,0,-211,-206,-207,-86,-86,-86,-127,-52,-153,-144,-130,-112,-483,-445,-804,-632,-29969,-29970,-29970,-29970,-29980,-29981,-29980,-29981,-29983,-29984]} 1. d4 d5 2. Nf3 c6 3. c4 Nf6 4. Qc2 g6 5. Nc3 Bg7 6. Bf4 {D11: Slav Defence: 3 Nf3 sidelines and 3...Nf6 4 e3 Bg4.} Bf5 7. Qb3 Qb6 8. Qxb6 {White has an edge.} (8. e3 {with more complications.} Nbd7 9. h3 O-O 10. c5 Qxb3 11. axb3 Ne4 12. g4) 8... axb6 {[#]} 9. cxd5 $146 ({Predecessor:} 9. e3 O-O 10. Be2 dxc4 11. Bxc4 e6 12. O-O Nbd7 13. Rac1 Ne4 14. h3 Nxc3 15. Rxc3 {0-1 (33) Morus,A (1159)-Chiric,D (1262) Baile Felix 2017}) 9... Nxd5 10. Bxb8 (10. Nxd5 $11 cxd5 11. e3) 10... Nxc3 $17 11. bxc3 {Black must now prevent Bc7.} Rxb8 12. e3 b5 13. Be2 O-O 14. O-O Ra8 15. c4 bxc4 16. Bxc4 b5 17. Bb3 {[#]} Be4 (17... c5 $1 $17 {[%mdl 512] aiming for ...c4.} 18. dxc5 Bxa1 19. Rxa1 Rfc8) 18. Rac1 $11 Rfc8 19. Nd2 Bd5 20. Bxd5 cxd5 21. Rxc8+ Rxc8 {[%mdl 4096] Endgame KRB-KRN} 22. Nb1 (22. Rb1 $11 {remains equal.}) 22... e6 23. g3 Ra8 (23... Bf8 $15) 24. a3 $1 Bf8 25. Rc1 (25. Nc3 $11) 25... Bxa3 $17 26. Nxa3 Rxa3 {KR-KR} 27. Rc8+ Kg7 28. Rb8 Rb3 29. h4 h5 30. Kg2 Rb1 31. Rb6 b4 32. Rb8 (32. Kf3 $17 {keeps fighting.}) 32... b3 $19 33. Rb7 Kf8 34. Kf3 Ke8 35. Kf4 Kf8 36. Kf3 Kg7 $2 (36... b2 $19 37. Rb4 Ke7 38. Rb7+ Ke8) 37. Kf4 $2 (37. Kg2 $1 $11) 37... Rf1 (37... Rb2 $1 $17 {[%cal Rb2f2]} 38. Kf3 Kf6) 38. Kf3 $1 $11 Rb1 39. Kf4 (39. Kg2 $11) 39... b2 (39... Rb2 $17 40. Kf3 Kf6) 40. Kf3 $2 (40. Ke5 $11 {and White has nothing to worry.}) 40... Kh6 41. Kg2 g5 (41... f6 $1 $19 42. Kf3 g5) 42. hxg5+ $17 Kxg5 {And now ...f6 would win.} 43. Kf3 {[#]} Kg6 (43... f6 $1 $17 44. Ke2 e5) 44. Kg2 (44. Kf4 $15) 44... f6 45. Kf3 Kf5 {...e5 is the strong threat.} 46. Kg2 $2 {[%mdl 8192] Loses the game.} (46. Rb4 $17) 46... Ke4 $19 47. Rb4 {[#]} (47. Rb3 $142) 47... Kd3 $1 48. Rb5 Kc3 {Black mates.} 49. Rc5+ Kb4 50. Rc8 Ra1 51. Rb8+ Kc3 52. Rc8+ Kd3 {Accuracy: White = 51%, Black = 66%.} 0-1

[Event "Stay Safe Play From Home 297"]
[Site "Emanuel Lasker Arena"]
[Date "2020.07.12"]
[Round "1"]
[White "Timbre"]
[Black "Patzeroglu"]
[Result "0-1"]
[WhiteElo "1538"]
[BlackElo "1906"]
[Annotator "TA"]
[PlyCount "37"]
[EventDate "2020.07.12"]
[EventType "swiss (blitz)"]

{[%evp 9,37,-10,4,-8,29,33,29,18,25,21,21,16,28,18,20,12,11,0,0,0,4,-12,-6,-9,-3,-4,0,-29991,-29992,-29996]} 1. d4 Nf6 2. Nf3 e6 3. c3 Be7 4. Bf4 O-O 5. e3 d5 6. Be2 {A46: 1 d4 Nf6 2 Nf3 e6: Torre, London and Colle Systems.} Ne4 7. Nbd2 f5 8. Nxe4 {White has an edge.} fxe4 9. Ne5 Nd7 10. O-O {[#]} Bd6 $146 ({Predecessor:} 10... Bg5 11. Nxd7 Bxd7 12. Be5 Bf6 13. Bxf6 Rxf6 14. Qc2 Rh6 15. c4 Qh4 16. h3 c6 17. cxd5 exd5 18. Qc5 Bxh3 19. gxh3 Qxh3 {0-1 (19) Hernandez Lopez,S (1101)-Padron Perez,C (1453) Tenerife 2018}) 11. Nxd7 Bxd7 12. Bxd6 cxd6 13. c4 dxc4 14. Bxc4 Rc8 15. Qe2 d5 $36 {[%mdl 2048] Black is pushing.} 16. Bb3 Qa5 17. Rfc1 Bb5 18. Qd2 $2 {[%mdl 8192] [#]} (18. Qd1 $11) 18... Qxd2 19. Rxc8 {Accuracy: White = 89%, Black = 89%.} 0-1

[Event "Stay Safe Play From Home 297"]
[Site "Emanuel Lasker Arena"]
[Date "2020.07.14"]
[Round "1"]
[White "Klasman"]
[Black "Toosieslide"]
[Result "0-1"]
[WhiteElo "1336"]
[BlackElo "2263"]
[Annotator "TA"]
[PlyCount "54"]
[EventDate "2020.07.14"]
[EventType "swiss (blitz)"]

{[%evp 9,54,-38,-6,-36,-49,-34,-37,-42,-35,-57,-23,-51,-19,-91,28,8,45,49,82,69,79,47,70,72,96,85,82,54,51,-55,27,-148,-120,-924,-877,-862,-851,-1132,-1146,-1164,-825,-827,-793,-1007,-833,-1335,-689]} 1. f4 d5 2. Nf3 Nf6 3. e3 c5 4. Be2 Nc6 5. c3 Bg4 6. d4 {A03: Bird's Opening with 1...d5.} e6 7. O-O Bd6 8. h3 {Black is slightly better.} Bxf3 9. Bxf3 {[#]} Qe7 $146 ({Predecessor:} 9... O-O 10. Nd2 Ne7 11. Qe2 Nf5 12. Qf2 c4 13. g4 Ne7 14. e4 Bxf4 15. e5 Ne8 {0-1 (44) Miketta,B (1436)-Reitz,P (843) Frankfurt 2013}) 10. Nd2 O-O-O 11. a4 (11. Nb3 $11 {remains equal.}) 11... Bc7 (11... cxd4 $17 12. cxd4 Kb8) 12. Nb3 $11 c4 13. Nd2 $1 Bb6 14. b3 cxb3 15. Qxb3 Kb8 16. Ba3 Qd7 17. Rfb1 Rc8 18. a5 Nxa5 19. Qb4 ({Better is} 19. Qb2 $14) 19... Qc7 ({Black should try} 19... Nc4 $15 20. Nxc4 Rxc4 21. Qd6+ Kc8) 20. Qe7 $2 {[#]} ({White should play} 20. Qb5 $1 $11) 20... Qxc3 $17 21. Nb3 $2 {[%mdl 8192] White does not recover from this.} (21. Bd6+ $17 Bc7 22. Nf1) 21... Qxe3+ {Black is clearly winning.} 22. Kh1 Nxb3 23. Rxb3 Qxb3 24. Bc5 {[#]} Rxc5 $1 25. dxc5 Qc3 26. Rf1 Qxc5 27. Qxf7 Qf8 {Accuracy: White = 40%, Black = 50%.} 0-1

[Event "Stay Safe Play From Home 297"]
[Site "Emanuel Lasker Arena"]
[Date "2020.07.12"]
[Round "1"]
[White "W Nelles"]
[Black "Haris kollari 13"]
[Result "1/2-1/2"]
[WhiteElo "1332"]
[BlackElo "1890"]
[Annotator "NA RC"]
[PlyCount "104"]
[EventDate "2020.07.12"]
[EventType "swiss (blitz)"]

1. e4 {[%emt 0:00:05]} e6 {[%emt 0:00:02]} 2. Nf3 {[%emt 0:00:02]} d5 {[%emt 0:00:01]} 3. exd5 {[%emt 0:00:01]} exd5 {[%emt 0:00:01]} 4. Bb5+ {[%emt 0:00:04]} c6 {[%emt 0:00:02]} 5. Ba4 {[%emt 0:00:01]} Bg4 {[%emt 0:00:01]} 6. O-O {[%emt 0:00:02]} a5 {[%emt 0:00:01]} 7. c3 {[%emt 0:00:04]} Nf6 {[%emt 0:00:02]} 8. d4 {[%emt 0:00:02]} Be7 {[%emt 0:00:02]} 9. Bf4 {[%emt 0:00:02]} Nbd7 {[%emt 0:00:04]} 10. Nbd2 {[%emt 0:00:01]} O-O {[%emt 0:00:02]} 11. Re1 {[%emt 0:00:02]} Re8 {[%emt 0:00:03]} 12. h3 {[%emt 0:00:02]} Bh5 {[%emt 0:00:01]} 13. g4 {[%emt 0:00:03]} Bg6 {[%emt 0:00:02]} 14. Ne5 {[%emt 0:00:06]} Nxe5 {[%emt 0:00:03]} 15. dxe5 {[%emt 0:00:04]} Nd7 {[%emt 0:00:01]} 16. Nf3 {[%emt 0:00:04]} Be4 {[%emt 0:00:14]} 17. Nd4 {[%emt 0:00:09]} Bc5 {[%emt 0:00:10]} 18. Bc2 {[%emt 0:00:05]} Bxc2 {[%emt 0:00:14]} 19. Qxc2 {[%emt 0:00:03]} Qh4 {[%emt 0:00:06]} 20. Kg2 {[%emt 0:00:07]} g6 {[%emt 0:00:01]} 21. Bg3 {[%emt 0:00:06]} Qh6 {[%emt 0:00:02]} 22. f4 {[%emt 0:00:03]} Qg7 {[%emt 0:00:07]} 23. a3 {[%emt 0:00:08]} Ba7 {[%emt 0:00:04]} 24. b4 {[%emt 0:00:04]} axb4 {[%emt 0:00:08]} 25. axb4 {[%emt 0:00:05]} Nb6 {[%emt 0:00:01]} 26. f5 {[%emt 0:00:14]} Nc4 {[%emt 0:00:04]} 27. f6 {[%emt 0:00:04]} Qh6 {[%emt 0:00:04]} 28. Qe2 {[%emt 0:00:28]} Bxd4 {[%emt 0:00:04]} 29. cxd4 {[%emt 0:00:02]} Rxa1 {[%emt 0:00:07]} 30. Rxa1 {[%emt 0:00:03]} Qe3 {[%emt 0:00:07]} 31. Qxe3 {[%emt 0:00:01]} Nxe3+ {[%emt 0:00:01]} 32. Kf3 {[%emt 0:00:01]} Nc2 {[%emt 0:00:01]} 33. Ra7 {[%emt 0:00:04]} Nxd4+ {[%emt 0:00:04]} 34. Ke3 {[%emt 0:00:03]} Nc2+ {[%emt 0:00:01]} 35. Kd2 {[%emt 0:00:05]} Nxb4 {[%emt 0:00:01]} 36. Rxb7 {[%emt 0:00:02]} c5 {[%emt 0:00:01]} 37. Kc3 {[%emt 0:00:06]} Nc6 {[%emt 0:00:04]} 38. Rc7 {[%emt 0:00:09]} d4+ {[%emt 0:00:06]} 39. Kc4 {[%emt 0:00:06]} Na5+ {[%emt 0:00:05]} 40. Kxc5 {[%emt 0:00:06]} Rd8 {[%emt 0:00:05]} 41. Be1 {[%emt 0:00:04]} Nb3+ {[%emt 0:00:06]} 42. Kc6 {[%emt 0:00:04]} d3 {[%emt 0:00:02]} 43. Rd7 {[%emt 0:00:06]} Rxd7 {[%emt 0:00:02]} 44. Kxd7 {[%emt 0:00:02]} Nc5+ {[%emt 0:00:11]} 45. Ke7 {[%emt 0:00:06]} Ne6 {[%emt 0:00:01]} 46. h4 {[%emt 0:00:05]} h6 {[%emt 0:00:01]} 47. Bd2 {[%emt 0:00:04]} g5 {[%emt 0:00:01]} 48. hxg5 {[%emt 0:00:06]} hxg5 {[%emt 0:00:01]} 49. Ke8 {[%emt 0:00:05]} Nc7+ {[%emt 0:00:07]} 50. Ke7 {[%emt 0:00:03]} Ne6 {[%emt 0:00:05] W Nelles bietet Remis} 51. Ke8 {[%emt 0:00:02]} Nc5 {[%emt 0:00:01]} 52. Ke7 {[%emt 0:00:12]} Ne6 {[%emt 0:00:12] (Lag: Av=0.54s, max=1.0s)} 1/2-1/2

[Event "Stay Safe Play From Home 297"]
[Site "Emanuel Lasker Arena"]
[Date "2020.07.14"]
[Round "2"]
[White "Mepe_Nika"]
[Black "BrainThinker22"]
[Result "0-1"]
[WhiteElo "2398"]
[BlackElo "2381"]
[Annotator "NA"]
[PlyCount "104"]
[EventDate "2020.07.14"]
[EventType "swiss (blitz)"]

1. d4 {[%emt 0:00:01]} c5 {[%emt 0:00:01]} 2. c3 {[%emt 0:00:01]} cxd4 {[%emt 0:00:00]} 3. cxd4 {[%emt 0:00:00]} d5 {[%emt 0:00:00]} 4. Nc3 {[%emt 0:00:00]} Nc6 {[%emt 0:00:00]} 5. Bf4 {[%emt 0:00:01]} Nf6 {[%emt 0:00:00]} 6. e3 {[%emt 0:00:01]} a6 {[%emt 0:00:00]} 7. Bd3 {[%emt 0:00:01]} Bg4 {[%emt 0:00:01]} 8. f3 {[%emt 0:00:01]} Bh5 {[%emt 0:00:00]} 9. g4 {[%emt 0:00:01]} Bg6 {[%emt 0:00:00]} 10. h4 {[%emt 0:00:01]} h6 {[%emt 0:00:01]} 11. Nge2 {[%emt 0:00:02]} Bxd3 {[%emt 0:00:01]} 12. Qxd3 {[%emt 0:00:01]} e6 {[%emt 0:00:00]} 13. Kf2 {[%emt 0:00:01]} Bd6 {[%emt 0:00:01]} 14. g5 {[%emt 0:00:02]} hxg5 {[%emt 0:00:02]} 15. hxg5 {[%emt 0:00:00]} Nh5 {[%emt 0:00:00] BrainThinker22 offers a draw} 16. Ng3 {[%emt 0:00:06]} g6 {[%emt 0:00:08]} 17. Nxh5 {[%emt 0:00:02]} gxh5 {[%emt 0:00:00]} 18. Rh4 {[%emt 0:00:02]} Bxf4 {[%emt 0:00:02]} 19. exf4 {[%emt 0:00:01]} Qb6 {[%emt 0:00:02]} 20. Ne2 {[%emt 0:00:01]} O-O-O {[%emt 0:00:04]} 21. b3 {[%emt 0:00:02]} Kb8 {[%emt 0:00:01]} 22. Rah1 {[%emt 0:00:01]} e5 {[%emt 0:00:01]} 23. fxe5 {[%emt 0:00:01]} Nxe5 {[%emt 0:00:00]} 24. Qf5 {[%emt 0:00:03]} Ng6 {[%emt 0:00:08]} 25. Rxh5 {[%emt 0:00:01]} Rhe8 {[%emt 0:00:02]} 26. Qxf7 {[%emt 0:00:04]} Qb5 {[%emt 0:00:05]} 27. Nf4 {[%emt 0:00:03]} Nxf4 {[%emt 0:00:02]} 28. Qxf4+ {[%emt 0:00:00]} Ka8 {[%emt 0:00:00]} 29. Kg3 {[%emt 0:00:01]} Qe2 {[%emt 0:00:01]} 30. R5h2 {[%emt 0:00:02]} Qe6 {[%emt 0:00:01]} 31. Qg4 {[%emt 0:00:01]} Qd6+ {[%emt 0:00:00]} 32. Qf4 {[%emt 0:00:00]} Qb6 {[%emt 0:00:00]} 33. Rh7 {[%emt 0:00:03]} Rf8 {[%emt 0:00:01]} 34. Qc7 {[%emt 0:00:02]} Qb5 {[%emt 0:00:00]} 35. R1h6 {[%emt 0:00:03]} Rc8 {[%emt 0:00:02]} 36. Qe7 {[%emt 0:00:02]} Rfe8 {[%emt 0:00:01]} 37. Qf7 {[%emt 0:00:01] Mepe_Nika offers a draw} Re3 {[%emt 0:00:03]} 38. Rf6 {[%emt 0:00:01]} Rcc3 {[%emt 0:00:01]} 39. Qxb7+ {[%emt 0:00:01]} Qxb7 {[%emt 0:00:01]} 40. Rf8+ {[%emt 0:00:00]} Ka7 {[%emt 0:00:01]} 41. Rff7 {[%emt 0:00:00]} Rc7 {[%emt 0:00:01]} 42. Rxc7 {[%emt 0:00:01]} Qxc7+ {[%emt 0:00:00]} 43. Rxc7+ {[%emt 0:00:01]} Kb6 {[%emt 0:00:00]} 44. Rf7 {[%emt 0:00:00]} Re1 {[%emt 0:00:00]} 45. Rf6+ {[%emt 0:00:00]} Kb5 {[%emt 0:00:01]} 46. Kf4 {[%emt 0:00:00]} Rf1 {[%emt 0:00:01]} 47. Kf5 {[%emt 0:00:00]} Rc1 {[%emt 0:00:00]} 48. Kg6 {[%emt 0:00:00]} Kb4 {[%emt 0:00:00]} 49. Rf5 {[%emt 0:00:00]} Kc3 {[%emt 0:00:00]} 50. Rxd5 {[%emt 0:00:00]} Kb2 {[%emt 0:00:00]} 51. Rc5 {[%emt 0:00:00]} Rg1 {[%emt 0:00:00]} 52. Rc1 {[%emt 0:00:00]} Rxg5+ {[%emt 0:00:00] Time (Lag: Av=0.48s, max=1.0s)} 0-1

[Event "Stay Safe Play From Home 297"]
[Site "Emanuel Lasker Arena"]
[Date "2020.07.14"]
[Round "2"]
[White "AChessPlayer"]
[Black "Uber_WING"]
[Result "0-1"]
[WhiteElo "2395"]
[BlackElo "2447"]
[Annotator "TA"]
[PlyCount "76"]
[EventDate "2020.07.14"]
[EventType "swiss (blitz)"]

{[%evp 9,76,-16,-16,-16,-16,-21,3,-27,8,7,9,8,29,20,32,22,30,0,52,-25,0,0,0,0,31,30,66,32,52,41,24,22,13,0,40,40,47,47,54,54,54,54,61,61,239,212,398,61,56,45,45,0,74,0,207,0,0,-107,-101,-624,-615,-1837,-1852,-1714,-1630,-12839,-12839,-12839,-12838]} 1. d4 e5 2. Nf3 e4 3. Nfd2 f5 4. e3 Nf6 5. c4 c6 6. Nc3 {A40: Unusual replies to 1 d4.} d5 7. Be2 $1 {[#]} g6 $146 ({Predecessor:} 7... Be7 8. f3 Be6 9. cxd5 cxd5 10. O-O O-O 11. Nb3 Nc6 12. Bd2 exf3 13. Bxf3 Ne4 14. Nxe4 fxe4 {½-½ (45) Ramon Gonzalez,L-Garcia Piedra,J Gijon 1994}) 8. b3 {The position is equal.} Bg7 9. Ba3 Bf8 10. Qc1 Bxa3 11. Qxa3 Qe7 12. Qxe7+ Kxe7 13. c5 Be6 (13... b6 $11) 14. Kd1 (14. b4 $14) 14... Nbd7 15. b4 b6 16. Kc2 bxc5 17. bxc5 Rab8 18. Rab1 Rxb1 19. Rxb1 Rb8 20. Rxb8 Nxb8 21. g3 h5 22. h4 Nh7 23. Bd1 Bf7 24. Ne2 Kf6 25. Nf4 Na6 26. Kc3 Nc7 $2 {[#]} ({Black should try} 26... Nb8 $14) 27. Nb3 Ne6 $2 (27... Ke7 28. Na5 Nb5+ 29. Kb4 Kd7) 28. Nh3 $2 (28. Na5 $18) 28... g5 29. hxg5+ Nhxg5 30. Nxg5 (30. Ng1 {with more complications.} Ke7 31. Na5 Nd8 32. Kb4 Kd7 33. Nb3) 30... Nxg5 $14 {[%mdl 4096] Endgame [#] KBN-KBN} (30... Kxg5 $11 31. Nd2 Be8) 31. Na5 ({White should play} 31. Kd2 $1 $16) 31... Be8 $2 (31... Nh3 $1 $11 {and Black has nothing to worry.}) 32. Nb7 $2 ({White must play} 32. Ba4 $18) 32... Nh3 $1 $11 {[%cal Rh3f2]} 33. Be2 (33. Nd6 $11 {remains equal.} Bd7 34. f4 (34. Bxh5 Nxf2 35. Kd2 Nh1 $11)) 33... Nxf2 $17 34. Kb4 $2 {[%mdl 8192]} (34. Nd6 $17 Bg6 35. Bb5) 34... Nh1 $19 {Black is clearly winning.} 35. Nd8 Nxg3 36. Bxh5 Nxh5 37. Ka5 f4 38. exf4 e3 {Never resign too early! Accuracy: White = 46%, Black = 56%.} 0-1

[Event "Stay Safe Play From Home 297"]
[Site "Emanuel Lasker Arena"]
[Date "2020.07.12"]
[Round "2"]
[White "AChessPlayer"]
[Black "Oliverfab"]
[Result "1-0"]
[WhiteElo "2333"]
[BlackElo "1871"]
[Annotator "TA"]
[PlyCount "61"]
[EventDate "2020.07.12"]
[EventType "swiss (blitz)"]
[BlackTeam "SV Laatzen"]

{[%evp 10,61,8,-6,2,-14,-1,-7,-8,-16,0,0,0,0,4,0,0,0,0,0,0,0,13,0,10,2,52,59,362,329,365,333,550,541,536,538,641,630,618,619,29994,1147,29983,384,945,529,516,514,1176,1162,29980,29980,29981,29981]} 1. d4 Nf6 2. Bf4 d5 3. e3 e6 4. Nd2 Bd6 5. Ngf3 O-O 6. Bg3 c5 {D02: 1 d4 d5 2 Nf3 sidelines, including 2...Nf6 3 g3 and 2...Nf6 3 Bf4.} 7. c3 b6 8. Bd3 Bb7 {The position is equal.} 9. Qe2 $1 {[%mdl 4] outshines the older 9.Ne5.} Nc6 10. Rd1 Qc7 {[#]} 11. a3 $146 ({Predecessor:} 11. e4 dxe4 12. Nxe4 Nxe4 13. Qxe4 g6 14. dxc5 bxc5 15. Qh4 Ne5 16. Ng5 h5 17. Be4 Ba6 18. Bxa8 Rxa8 19. Ne4 Rb8 20. Rxd6 Rxb2 21. Qd8+ Qxd8 22. Rxd8+ Kh7 23. Bxe5 {1-0 (23) Jumabayev,R (2654)-Gomez Garrido,C (2479) chess.com INT 2020}) 11... Ne7 12. e4 dxe4 13. Nxe4 Nxe4 14. Bxe4 Bxe4 15. Qxe4 cxd4 16. Rxd4 Bxg3 17. hxg3 {[%csl Gh1][%cal Re4h7]} Nf5 18. g4 $40 {[%mdl 128] White is up to no good.} Nh6 $2 {[%mdl 8192] [#] Loses the game.} (18... Rfe8 $1 $14) 19. g5 $1 $18 Nf5 20. g4 g6 $2 (20... Rfe8 {keeps fighting.} 21. Rc4 Qd7) 21. gxf5 exf5 22. Qh4 {[%csl Gh1][%cal Rh4h7]} Rfe8+ 23. Kf1 h5 24. gxh6 {Qf6 would kill now.} Kh7 25. Ng5+ (25. Qf6 $142 Re1+ {[%mdl 64] Decoy} 26. Kxe1 Re8+ 27. Kd1 Re1+ 28. Rxe1 Qe5 29. Rxe5 Kxh6 30. Qh8#) 25... Kh8 {[#]} 26. Ne4 $2 (26. Rd6 $3 {[%mdl 512] mates} Qc5 (26... Qxd6 27. Nxf7+) 27. Nxf7+ Kh7 28. Kg2 g5 29. Nxg5+ Kh8 30. Nf7+ Kh7 31. Qf6) 26... Qe5 $2 (26... Re6 27. Ng5 Re7) 27. Qf6+ Qxf6 28. Nxf6 Red8 (28... Re6 $142 29. Nd5 Rd6) 29. Rhh4 a5 30. Rxd8+ Rxd8 31. Rd4 {Accuracy: White = 73%, Black = 40%.} 1-0